2015 NFL Quarterbacks by College - Statistics

General Stats
  • This quiz has been taken 813 times
    811 since last reset
  • The average score is 26 of 32
Answer Stats
Hint Answer % Correct
Buccaneers- Jameis Winston Florida State
96%
Patriots- Tom Brady Michigan
96%
Panthers- Cam Newton Auburn
95%
Colts- Andrew Luck Stanford
95%
Broncos- Peyton Manning Tennessee
95%
Browns- Johnny Manziel? Texas A&M
95%
Packers- Aaron Rodgers California
93%
Redskins- RG III Baylor
92%
Giants- Eli Manning Mississippi
92%
Titans- Marcus Mariota Oregon
92%
Seahawks- Russell Wilson Wisconsin/ NC State
92%
Lions- Matthew Stafford Georgia
90%
Saints- Drew Brees Purdue
89%
Falcons- Matt Ryan Boston College
88%
Eagles- Sam Bradford Oklahoma
87%
Cardinals- Carson Palmer Southern California
86%
Bengals- Andy Dalton Texas Christian
85%
Chiefs- Alex Smith Utah
82%
Ravens- Joe Flacco Delaware
81%
Raiders- Derek Carr Fresno State
81%
Chargers- Phillip Rivers North Carolina State
80%
Vikings- Teddy Bridgewater Louisville
79%
Dolphins- Ryan Tannehill Texas A&M
79%
Bears- Jay Cutler Vanderbilt
78%
Jaguars- Blake Bortles Central Florida
75%
Cowboys- Tony Romo Eastern Illinois
73%
49ers- Colin Kaepernick Nevada
71%
Bills- E.J. Manuel? Florida State
65%
Steelers- Ben Roethlisberger Miami of Ohio
62%
Jets- Geno Hayes? West Virginia
57%
Rams- Nick Foles Arizona
56%
Texans- Ryan Mallett Arkansas
47%
No matching quizzes found
Score Distribution
Percent of People with Each Score
Percentile by Number Answered
Your Score History
You have not taken this quiz since the last reset